[Event "Horse and Buggy 2"]
[Site "Elmira CAN"]
[Date "2022.09.10"]
[Round "1.1"]
[White "Colvin, Andrew"]
[Black "Hua, Eugene"]
[Result "0-1"]
[WhiteElo "1942"]
[BlackElo "2383"]
[PlyCount "86"]
[EventDate "2022.09.10"]
[EventType "swiss"]
[EventRounds "5"]
[EventCountry "CAN"]

1. d4 Nf6 2. c4 e6 3. Nf3 c5 4. d5 b5 5. dxe6 fxe6 6. cxb5 d5 7. e3 Nbd7 8. b3
Bd6 9. Bb2 O-O 10. Be2 e5 11. e4 d4 12. Bc4+ Kh8 13. Ng5 Qe7 14. Ne6 Re8 15.
Ng5 h6 16. h4 Rf8 17. Nd2 Nb6 18. Qe2 Bg4 19. f3 Nh5 20. Nf1 Nf4 21. Qd2 Bd7
22. g3 Nxc4 23. bxc4 Nh5 24. Qe2 Kg8 25. Nh3 Qf7 26. g4 Qxf3 27. Qxf3 Rxf3 28.
gxh5 Bxh3 29. O-O-O Raf8 30. Nd2 Re3 31. Rdg1 Be7 32. Rg6 Bxh4 33. Rc6 Bg5 34.
Kc2 Bg2 35. Rd1 Rf2 36. Rc8+ Kh7 37. Rxc5 Bxe4+ 38. Kc1 Rc3+ 39. Bxc3 dxc3 40.
Rd5 Bxd5 41. cxd5 cxd2+ 42. Kc2 e4 43. d6 Rf5 0-1

[Event "Horse and Buggy 2"]
[Site "Elmira CAN"]
[Date "2022.09.10"]
[Round "1.2"]
[White "Hartman, Brian"]
[Black "Wang, Bingfei"]
[Result "1-0"]
[WhiteElo "2340"]
[BlackElo "1963"]
[PlyCount "151"]
[EventDate "2022.09.10"]
[EventType "swiss"]
[EventRounds "5"]
[EventCountry "CAN"]

1. e4 e6 2. d4 d5 3. e5 c5 4. Nf3 cxd4 5. Bd3 Nc6 6. O-O g6 7. Re1 Bg7 8. a3
Nge7 9. b4 a6 10. Bf4 Bd7 11. Nbd2 O-O 12. Nb3 Qc7 13. Qd2 Rfc8 14. h4 Na7 15.
Bh6 Bb5 16. Bxg7 Kxg7 17. Nbxd4 Bxd3 18. cxd3 Nb5 19. h5 Nxd4 20. Nxd4 Nc6 21.
Nf3 Qe7 22. h6+ Kg8 23. Rac1 Rc7 24. Qf4 Rac8 25. Nh2 Nb8 26. Rxc7 Rxc7 27. Ng4
Nd7 28. Rc1 Rxc1+ 29. Qxc1 Qd8 30. Qc3 Kf8 31. g3 Ke7 32. a4 Qb6 33. a5 Qc6 34.
Qxc6 bxc6 35. d4 Kf8 36. Kf1 Ke7 37. Ke2 Kf8 38. Ke3 Ke7 39. Kf4 Kd8 40. Nh2
Ke7 41. Nf3 Ke8 42. Ng5 Nf8 43. g4 Ke7 44. Kg3 Ke8 45. f3 Ke7 46. f4 f6 47.
exf6+ Kxf6 48. Kh4 Ke7 49. Nf3 Nd7 50. Kg5 Kf7 51. f5 gxf5 52. gxf5 Ke7 53. Kf4
Nf6 54. Ne5 Nh5+ 55. Kg5 Ng3 56. fxe6 Kxe6 57. Nxc6 Ne2 58. Nb8 Nxd4 59. Nxa6
Ke5 60. Nc5 Nc6 61. a6 Na7 62. Nb3 Nb5 63. Na5 Na7 64. Nb7 d4 65. Nc5 Nb5 66.
Kg4 Kf6 67. Kf4 Kg6 68. Ke4 Kxh6 69. Kd5 d3 70. Nxd3 Nc7+ 71. Kc6 Nxa6 72. b5
Nb8+ 73. Kc7 Kg5 74. Kxb8 h5 75. b6 h4 76. b7 1-0

[Event "Horse and Buggy 2"]
[Site "Elmira CAN"]
[Date "2022.09.10"]
[Round "1.3"]
[White "Hanratty, Brian"]
[Black "Aniunoh, Chike"]
[Result "0-1"]
[WhiteElo "1917"]
[BlackElo "2205"]
[PlyCount "128"]
[EventDate "2022.09.10"]
[EventType "swiss"]
[EventRounds "5"]
[EventCountry "CAN"]

1. f4 Nf6 2. Nf3 c5 3. b3 g6 4. Bb2 Bg7 5. e3 d6 6. h3 Nc6 7. Be2 a6 8. O-O O-O
9. d3 b5 10. a4 Bb7 11. e4 Qb6 12. Nbd2 Rfc8 13. Rb1 c4+ 14. Kh2 cxd3 15. cxd3
Nb4 16. Qe1 Rc2 17. Qh4 Qe3 18. Rfe1 Nxd3 19. Bd4 Qxf4+ 20. Qxf4 Nxf4 21. Bf1
Ne6 22. Ba1 Bh6 23. Rbd1 bxa4 24. bxa4 Nc5 25. e5 Bf4+ 26. Kg1 dxe5 27. Bxe5
Bxe5 28. Rxe5 Rd8 29. Rb1 Rd7 30. a5 Kg7 31. Ne1 Rcxd2 32. Rxc5 Ne4 33. Rc4 Ng3
34. Rcb4 Nxf1 35. Rxb7 Ne3 36. R7b6 R7d6 37. Rb7 Re6 38. R1b6 Rdd6 39. Nf3 Nc4
40. Rxd6 Nxd6 41. Ra7 Nc4 42. Nd4 Rd6 43. Nb3 e5 44. Rc7 Nd2 45. Nxd2 Rxd2 46.
Rc6 e4 47. Rxa6 e3 48. Kf1 Rf2+ 49. Kg1 Ra2 50. Kf1 f5 51. Re6 f4 52. Re4 g5
53. g3 Kf6 54. gxf4 Kf5 55. Rxe3 gxf4 56. Re7 Rxa5 57. Rxh7 Ke4 58. Re7+ Kf3
59. Re2 Ra1+ 60. Re1 Rxe1+ 61. Kxe1 Kg2 62. h4 f3 63. h5 f2+ 64. Kd2 f1=Q 0-1

[Event "Horse and Buggy 2"]
[Site "Elmira CAN"]
[Date "2022.09.10"]
[Round "1.4"]
[White "Jung, Hans"]
[Black "Li, Hongyi"]
[Result "0-1"]
[WhiteElo "2177"]
[BlackElo "1915"]
[PlyCount "68"]
[EventDate "2022.09.10"]
[EventType "swiss"]
[EventRounds "5"]
[EventCountry "CAN"]

1. Nc3 d5 2. e4 dxe4 3. Nxe4 Nf6 4. Nxf6+ exf6 5. d4 Bd6 6. Be2 O-O 7. Bf3 Nc6
8. Ne2 Bf5 9. c3 Re8 10. O-O Qd7 11. Ng3 Bg6 12. Bg4 f5 13. Bh3 Bxg3 14. fxg3
Re6 15. Qf3 Rae8 16. Bxf5 Nxd4 17. cxd4 Qxd4+ 18. Kh1 Bxf5 19. Qxb7 Bd3 20. Bf4
Bxf1 21. Rxf1 Qf2 22. Qf3 Qxf3 23. gxf3 Re2 24. Bxc7 Rxb2 25. a3 h5 26. h3 Ree2
27. g4 hxg4 28. hxg4 Rf2 29. Kg1 Rxf1+ 30. Kxf1 Rb3 31. Bd6 Rd3 32. Bc5 Rxf3+
33. Ke2 Rf4 34. Ke3 Ra4 0-1

[Event "Horse and Buggy 2"]
[Site "Elmira CAN"]
[Date "2022.09.10"]
[Round "1.5"]
[White "Hua, Michelle"]
[Black "Oancea, Nicolae"]
[Result "0-1"]
[WhiteElo "2034"]
[BlackElo "2084"]
[PlyCount "106"]
[EventDate "2022.09.10"]
[EventType "swiss"]
[EventRounds "5"]
[EventCountry "CAN"]

1. d4 d5 2. Bf4 e6 3. e3 Bd6 4. Bg3 b6 5. Nf3 Nf6 6. Nbd2 Bb7 7. Ne5 a6 8. c3
Nbd7 9. Bd3 Qe7 10. Qe2 Bxe5 11. dxe5 Ne4 12. Nxe4 dxe4 13. Bc2 Qc5 14. Qg4 O-O
15. Bxe4 Bxe4 16. Qxe4 Qb5 17. O-O-O Nc5 18. Qc2 a5 19. Rd4 a4 20. Rhd1 h6 21.
Bf4 Rfe8 22. g4 Nb7 23. Rg1 c5 24. c4 Qc6 25. Rdd1 b5 26. g5 g6 27. gxh6 Kh7
28. cxb5 Qxb5 29. h4 c4 30. h5 Rg8 31. hxg6+ fxg6 32. Rd4 c3 33. bxc3 Nc5 34.
Bg5 Qc6 35. Rdg4 Qe8 36. Bf6 Qd7 37. Rd1 Qf7 38. Bg7 Rgd8 39. Rf4 Rxd1+ 40.
Qxd1 Qb7 41. Rb4 Qg2 42. Rf4 Rb8 43. Rb4 Rc8 44. Rf4 Ne4 45. Rxe4 Qxe4 46. Qd4
Qh1+ 47. Kc2 Qe1 48. Bf6 Qxf2+ 49. Kc1 Rc7 50. Qd2 Qf1+ 51. Kc2 Qa1 52. Bd8
Qxa2+ 53. Kd1 Qxd2+ 0-1

[Event "Horse and Buggy 2"]
[Site "Elmira CAN"]
[Date "2022.09.10"]
[Round "1.6"]
[White "Demchenko, Kyrylo"]
[Black "Qiao, Cindy"]
[Result "0-1"]
[WhiteElo "2083"]
[BlackElo "1906"]
[PlyCount "116"]
[EventDate "2022.09.10"]
[EventType "swiss"]
[EventRounds "5"]
[EventCountry "CAN"]

1. e4 d5 2. e5 c5 3. f4 e6 4. Nf3 Be7 5. Nc3 Nh6 6. g3 Nc6 7. Bg2 Nf5 8. O-O h5
9. d3 Qb6 10. Kh1 Bd7 11. Bh3 g6 12. Bxf5 gxf5 13. h4 O-O-O 14. Ne2 d4 15. Neg1
Rhg8 16. Kh2 Nb4 17. Nh3 Bc6 18. Nfg5 Qc7 19. a3 Nd5 20. Qxh5 Bxg5 21. Nxg5 Rg7
22. Bd2 b6 23. b4 Ba8 24. bxc5 Qb7 25. Rg1 bxc5 26. Rab1 Qd7 27. Ba5 Rdg8 28.
Rb3 Ne3 29. Rgb1 Qc6 30. Qe2 Kd7 31. c3 Rh8 32. cxd4 cxd4 33. Rb4 Qd5 34. Rb5
Qc6 35. R5b4 Qd5 36. Qb2 Qxa5 37. Qxd4+ Nd5 38. Ra4 Qd2+ 39. Kh3 Bc6 40. Qxa7+
Nc7 41. Rd4+ Bd5 42. Qa4+ Kc8 43. Rxd5 exd5 44. Qc6 Rxh4+ 45. gxh4 Qxd3+ 46.
Kh2 Qxb1 47. e6 fxe6 48. Qd6 Qb2+ 49. Kh3 Qc3+ 50. Kh2 Rd7 51. Qf8+ Kb7 52. h5
Qd2+ 53. Kg3 Qe3+ 54. Nf3 d4 55. h6 Nd5 56. Qe8 Qxf4+ 57. Kf2 Rc7 58. Qb5+ Nb6
0-1

[Event "Horse and Buggy 2"]
[Site "Elmira CAN"]
[Date "2022.09.10"]
[Round "1.7"]
[White "Deshpande, Sarthak"]
[Black "Liu, Henry"]
[Result "0-1"]
[WhiteElo "1908"]
[BlackElo "2029"]
[PlyCount "122"]
[EventDate "2022.09.10"]
[EventType "swiss"]
[EventRounds "5"]
[EventCountry "CAN"]

1. d4 e6 2. c4 d5 3. Nf3 Nf6 4. g3 c6 5. Qc2 Ne4 6. Bg2 Bd6 7. O-O O-O 8. Nfd2
f5 9. Nc3 Nd7 10. f3 Nxg3 11. hxg3 Bxg3 12. f4 Qh4 13. Nf3 Qh5 14. e3 Nf6 15.
Bh1 Ng4 16. Qg2 Bh4 17. Nxh4 Qxh4 18. Rf3 dxc4 19. Bd2 Bd7 20. Rh3 Qe7 21. Qg3
Rf6 22. Qh4 Nh6 23. Kf2 Raf8 24. Bf3 Qd6 25. Rg1 Be8 26. Ne2 Rg6 27. Rg5 c5 28.
Bh5 Rxg5 29. fxg5 Ng4+ 30. Ke1 Bxh5 31. Qxh5 h6 32. Qg6 hxg5 33. dxc5 Qd5 34.
Bc3 e5 35. Qh7+ Kf7 36. Qxf5+ Nf6 37. Qxg5 Rd8 38. Qf5 Qxc5 39. Rg3 Qd5 40.
Qg6+ Ke6 41. e4 Qd1+ 42. Kf2 Rh8 43. Rg2 Rh1 44. Qf5+ Kf7 45. Ke3 Rf1 46. Qg6+
Ke6 47. Bd2 Qb1 48. Nc1 Rf4 49. Ke2 Qc2 50. Qg5 Rxe4+ 51. Kf1 Qd1+ 52. Kf2 Rd4
53. Ke3 Nd5+ 54. Kf2 Rxd2+ 55. Kg3 Rxg2+ 56. Kxg2 Nf4+ 57. Kh2 Qd2+ 58. Kh1
Qxc1+ 59. Kh2 Qxb2+ 60. Kg3 Qg2+ 61. Kh4 Qh3# 0-1

[Event "Horse and Buggy 2"]
[Site "Elmira CAN"]
[Date "2022.09.10"]
[Round "1.8"]
[White "Ferreira, Alex"]
[Black "Lu, Tony"]
[Result "1-0"]
[WhiteElo "2025"]
[BlackElo "1812"]
[PlyCount "85"]
[EventDate "2022.09.10"]
[EventType "swiss"]
[EventRounds "5"]
[EventCountry "CAN"]

1. e4 e6 2. d4 d5 3. Nc3 Bb4 4. e5 c5 5. a3 Bxc3+ 6. bxc3 Qc7 7. Bb5+ Bd7 8.
Bxd7+ Qxd7 9. Qg4 f5 10. Qg3 Nc6 11. Ne2 Qf7 12. dxc5 Nge7 13. Be3 Na5 14. h4
Nc4 15. h5 Nc6 16. Bd4 Rd8 17. Rh4 Rg8 18. Ng1 Kd7 19. f4 Kc8 20. Nh3 Qd7 21.
Nf2 g6 22. h6 Nb8 23. a4 Qe7 24. Nh3 Nc6 25. Ng5 Rde8 26. Rh1 Qc7 27. Ke2 Re7
28. Rhb1 a6 29. Qd3 Qd8 30. Ra2 Qa5 31. Bf2 Rd8 32. Nf3 Rg8 33. Raa1 Qc7 34.
Bh4 Ree8 35. Bf2 Re7 36. Rb3 N4a5 37. Rb2 Nc4 38. Rba2 Qa5 39. Rh1 Qc7 40. Rha1
Qa5 41. Nd4 Nxd4+ 42. cxd4 Rc7 43. Be1 1-0

[Event "Horse and Buggy 2"]
[Site "Elmira CAN"]
[Date "2022.09.10"]
[Round "1.9"]
[White "Joseph, Jonath"]
[Black "Pimentel, Sheldon"]
[Result "1/2-1/2"]
[WhiteElo "1709"]
[BlackElo "2015"]
[PlyCount "95"]
[EventDate "2022.09.10"]
[EventType "swiss"]
[EventRounds "5"]
[EventCountry "CAN"]

1. e4 d6 2. d4 Nf6 3. Nc3 g6 4. Bg5 c6 5. Bxf6 exf6 6. Qf3 Bg7 7. O-O-O O-O 8.
h4 h5 9. Qg3 b5 10. f4 Qa5 11. a3 f5 12. e5 dxe5 13. dxe5 Qc7 14. Be2 a5 15.
Nf3 b4 16. Nb1 Re8 17. Ng5 Ba6 18. Bxh5 gxh5 19. Qf3 Nd7 20. Qxh5 Nf8 21. Nf3
Be2 22. Rd2 Bxf3 23. gxf3 Rad8 24. Rg2 Re6 25. Qxf5 Rg6 26. Rg5 Qd7 27. Qe4 Qd4
28. c3 Qxe4 29. fxe4 bxa3 30. Nxa3 Bh6 31. Rxg6+ Nxg6 32. Nc4 Bxf4+ 33. Kc2 Ra8
34. Rf1 Nxe5 35. Nxa5 Bh6 36. Nxc6 Nxc6 37. Rf6 Ra6 38. Kb1 Bg7 39. Rd6 Be5 40.
Rd5 Rb6 41. Kc2 f6 42. b4 Rxb4 43. Rxe5 fxe5 44. cxb4 Nxb4+ 45. Kc3 Na6 46. Kc4
Nc7 47. Kc5 Ne8 48. Kd5 1/2-1/2

[Event "Horse and Buggy 2"]
[Site "Elmira CAN"]
[Date "2022.09.10"]
[Round "1.10"]
[White "Qian, Eric"]
[Black "Guan, Daniel"]
[Result "1/2-1/2"]
[WhiteElo "1975"]
[BlackElo "1310"]
[PlyCount "97"]
[EventDate "2022.09.10"]
[EventType "swiss"]
[EventRounds "5"]
[EventCountry "CAN"]

1. e4 c5 2. Nf3 Nc6 3. Bb5 g6 4. O-O Nf6 5. d3 Bg7 6. Bxc6 bxc6 7. e5 Nd5 8.
Nbd2 Nc7 9. Ne4 Ne6 10. Be3 d6 11. exd6 exd6 12. c3 O-O 13. h3 Qe7 14. Nfg5 Rd8
15. Nxe6 Bxe6 16. Bg5 f6 17. Be3 c4 18. d4 Bxh3 19. Nxf6+ Qxf6 20. gxh3 d5 21.
Qg4 Re8 22. Bg5 Qf7 23. Rae1 Rab8 24. Bc1 Rb7 25. Rxe8+ Qxe8 26. Qd1 Re7 27.
Bd2 Re4 28. Re1 Rxe1+ 29. Bxe1 Qe6 30. Kh2 Qe4 31. Bd2 Bf8 32. Qg4 Bd6+ 33. Kg1
Qxg4+ 34. hxg4 Kf7 35. Kg2 h5 36. Kh3 Be7 37. Be3 Ke6 38. f3 a5 39. a4 Bd8 40.
Bf2 Be7 41. Bg3 Bd8 42. Bf4 Kd7 43. Bg3 Ke6 44. f4 hxg4+ 45. Kxg4 Bf6 46. Bh2
Bd8 47. Bg3 Bf6 48. Bh2 Bd8 49. Bg3 1/2-1/2

[Event "Horse and Buggy 2"]
[Site "Elmira CAN"]
[Date "2022.09.10"]
[Round "2.1"]
[White "Hua, Eugene"]
[Black "Liu, Henry"]
[Result "1-0"]
[WhiteElo "2029"]
[BlackElo "2383"]
[PlyCount "185"]
[EventDate "2022.09.10"]
[EventType "swiss"]
[EventRounds "5"]
[EventCountry "CAN"]

1. e4 e6 2. d3 d5 3. Nd2 Nf6 4. g3 Nc6 5. Bg2 Bc5 6. Ngf3 dxe4 7. dxe4 e5 8.
O-O O-O 9. Qe2 Qe7 10. c3 a5 11. Nc4 b6 12. Bg5 Ba6 13. Bh3 h6 14. Bd2 Ne8 15.
b3 Nd6 16. Nh4 Nxc4 17. bxc4 a4 18. Nf5 Qf6 19. Be3 Bd6 20. Rfd1 Rfd8 21. Qg4
Kh8 22. Bf1 Bf8 23. Rd5 Na5 24. c5 Rxd5 25. exd5 Bc8 26. Bd3 g6 27. Qh4 Qxh4
28. Nxh4 bxc5 29. Rb1 c6 30. Be4 Bb7 31. d6 Bxd6 32. Bxh6 Rb8 33. Bc2 a3 34.
Rd1 Bf8 35. Bc1 Nc4 36. Rd7 Kg8 37. Bb3 Bc8 38. Ra7 Be6 39. Bxa3 Nxa3 40. Bxe6
fxe6 41. Rxa3 Kf7 42. Kg2 e4 43. Ra4 g5 44. Rxe4 gxh4 45. Rxh4 Rb2 46. Ra4 Rc2
47. c4 Bg7 48. Ra7+ Kg6 49. Re7 Kf6 50. Rc7 Rxc4 51. Rxc6 Kf5 52. Rc7 Bd4 53.
h4 Rc2 54. Rf7+ Kg6 55. Rf8 Rxa2 56. g4 c4 57. h5+ Kg7 58. Rc8 c3 59. Kf3 Rxf2+
60. Ke4 Bf6 61. Rc5 Rg2 62. Kf3 Rg1 63. Kf4 Kh6 64. Rc6 Re1 65. Rc5 Bg5+ 66.
Kf3 Re3+ 67. Kf2 Rd3 68. Rc6 Rd2+ 69. Kf3 c2 70. Rxe6+ Kh7 71. Rc6 Rh2 72. Kg3
Rd2 73. Kf3 Be7 74. Ke3 Bb4 75. g5 Rg2 76. Rc7+ Kg8 77. Kd3 Rxg5 78. Rxc2 Rxh5
79. Rf2 Kg7 80. Ke4 Kg6 81. Rg2+ Kf6 82. Rg4 Bc5 83. Rf4+ Ke6 84. Rg4 Re5+ 85.
Kf4 Kd5 86. Rg6 Re1 87. Rg2 Rf1+ 88. Kg4 Ke4 89. Kg5 Rf8 90. Re2+ Be3+ 91. Kg6
Rf3 92. Rg2 Ke5 93. Rg4 {... (remaining moves missing)} 1-0

[Event "Horse and Buggy 2"]
[Site "Elmira CAN"]
[Date "2022.09.10"]
[Round "2.2"]
[White "Li, Hongyi"]
[Black "Hartman, Brian"]
[Result "1-0"]
[WhiteElo "1915"]
[BlackElo "2340"]
[PlyCount "63"]
[EventDate "2022.09.10"]
[EventType "swiss"]
[EventRounds "5"]
[EventCountry "CAN"]

1. c4 e5 2. g3 Nf6 3. Bg2 c6 4. Nf3 e4 5. Nd4 d5 6. cxd5 Qxd5 7. Nb3 Qh5 8. h4
a5 9. Nc3 a4 10. Nd4 Bc5 11. Nc2 Qe5 12. Ne3 a3 13. Qc2 Bf5 14. Nxf5 Qxf5 15.
e3 Na6 16. Nxe4 O-O 17. bxa3 Kh8 18. Bb2 Be7 19. Rc1 Nc7 20. Nxf6 Qxc2 21. Rxc2
Bxf6 22. d4 Be7 23. Kd2 Bxa3 24. Ba1 Bb4+ 25. Ke2 Ra7 26. Rb1 Bd6 27. d5 Nb5
28. Rb3 Rfa8 29. dxc6 bxc6 30. Bxc6 Rxa2 31. Bb2 Na3 32. Bxg7+ 1-0

[Event "Horse and Buggy 2"]
[Site "Elmira CAN"]
[Date "2022.09.10"]
[Round "2.3"]
[White "Aniunoh, Chike"]
[Black "Ferreira, Alex"]
[Result "1/2-1/2"]
[WhiteElo "2205"]
[BlackElo "2025"]
[PlyCount "82"]
[EventDate "2022.09.10"]
[EventType "swiss"]
[EventRounds "5"]
[EventCountry "CAN"]

1. e4 e5 2. Nf3 Nc6 3. Bc4 Nf6 4. d3 h6 5. Nbd2 d5 6. Bb5 Bg4 7. h3 Bxf3 8.
Nxf3 dxe4 9. Nxe5 Qd5 10. Bxc6+ bxc6 11. d4 c5 12. c3 cxd4 13. Qa4+ Nd7 14.
cxd4 Rb8 15. O-O Rb4 16. Qxa7 Bd6 17. a3 Rb5 18. Nxd7 Kxd7 19. Qa4 f5 20. Bd2
Ra8 21. Qc2 g5 22. Rfe1 Rb3 23. Bc3 Rg8 24. g4 Rbb8 25. Qa4+ c6 26. Qa7+ Bc7
27. Qc5 f4 28. Bb4 Rg7 29. Re2 f3 30. Rc2 Bb6 31. Qxd5+ cxd5 32. Rac1 Rg6 33.
Bc5 Bc7 34. Bb4 Bf4 35. Bd2 Bd6 36. Kf1 Rh8 37. Bb4 Bf4 38. Bd2 Bd6 39. Bb4 Bf4
40. Bd2 Bd6 41. Bb4 Bf4 1/2-1/2

[Event "Horse and Buggy 2"]
[Site "Elmira CAN"]
[Date "2022.09.10"]
[Round "2.4"]
[White "Oancea, Nicolae"]
[Black "Qiao, Cindy"]
[Result "0-1"]
[WhiteElo "2084"]
[BlackElo "1906"]
[PlyCount "66"]
[EventDate "2022.09.10"]
[EventType "swiss"]
[EventRounds "5"]
[EventCountry "CAN"]

1. e4 d5 2. exd5 Qxd5 3. d4 Nf6 4. Nc3 Qd8 5. Bc4 a6 6. a3 e6 7. Nf3 b5 8. Bd3
Bb7 9. Bg5 Nbd7 10. Qe2 Be7 11. O-O c5 12. dxc5 Nxc5 13. Rad1 Nxd3 14. Rxd3 Qc8
15. Ne5 Bc6 16. Rg3 Qb7 17. Re1 Bd6 18. b4 h5 19. Nxc6 Bxg3 20. Na5 Bxh2+ 21.
Kh1 Qc7 22. Bxf6 gxf6 23. Nd5 Qe5 24. Qd1 Qd6 25. Nxf6+ Ke7 26. Qf3 Rac8 27.
Nb3 Qd4 28. Ne4 Bb8 29. Nbc5 Qe5 30. Kg1 f5 31. Rd1 Rcd8 32. Nd2 Rxd2 33. Rxd2
Qe1# 0-1

[Event "Horse and Buggy 2"]
[Site "Elmira CAN"]
[Date "2022.09.10"]
[Round "2.5"]
[White "Pimentel, Sheldon"]
[Black "Guan, Daniel"]
[Result "0-1"]
[WhiteElo "2015"]
[BlackElo "1310"]
[PlyCount "87"]
[EventDate "2022.09.10"]
[EventType "swiss"]
[EventRounds "5"]
[EventCountry "CAN"]

1. e4 c5 2. c3 d5 3. exd5 Qxd5 4. d4 Nc6 5. Nf3 Bg4 6. Be2 e6 7. O-O Nf6 8. Be3
cxd4 9. cxd4 Be7 10. Nc3 Qd7 11. Qa4 O-O 12. Rad1 Nd5 13. Ne4 Rfd8 14. Ng3 Bxf3
15. gxf3 f5 16. Bc1 Nb6 17. Qb3 Qd5 18. Qxd5 Rxd5 19. Kg2 Nxd4 20. Bd3 Rad8 21.
Bb1 Nxf3 22. Rxd5 Nh4+ 23. Kh3 Nxd5 24. Re1 Ng6 25. Kg2 Kf7 26. Nh5 Bb4 27. Re2
Rc8 28. Rc2 Rxc2 29. Bxc2 Nge7 30. a3 Bd6 31. Bb3 g6 32. Ng3 Kf6 33. Ne2 e5 34.
h4 Nc7 35. Bg5+ Kg7 36. Be3 a6 37. f4 Ncd5 38. Bc1 Nxf4+ 39. Nxf4 exf4 40. Ba2
h6 41. b4 Be5 42. a4 Kf6 43. b5 axb5 44. axb5 0-1

[Event "Horse and Buggy 2"]
[Site "Elmira CAN"]
[Date "2022.09.10"]
[Round "2.6"]
[White "Joseph, Jonath"]
[Black "Qian, Eric"]
[Result "0-1"]
[WhiteElo "1709"]
[BlackElo "1975"]
[PlyCount "63"]
[EventDate "2022.09.10"]
[EventType "swiss"]
[EventRounds "5"]
[EventCountry "CAN"]

1. e4 c5 2. Nc3 Nc6 3. f4 e6 4. Nf3 d5 5. Bb5 a6 6. Bxc6+ bxc6 7. O-O Nf6 8. e5
Nd7 9. d3 Be7 10. Qe1 Nf8 11. h4 Ng6 12. h5 Nh4 13. Ng5 Nf5 14. g4 Nd4 15. Qf2
h6 16. Nf3 Nxf3+ 17. Qxf3 Bb7 18. f5 Qc7 19. fxe6 fxe6 20. Qf7+ Kd7 21. Bf4
Raf8 22. Qg6 Qb6 23. Bd2 c4+ 24. Kg2 Qd4 25. Rae1 cxd3 26. cxd3 c5 27. Rxf8
Rxf8 28. Re2 c4 29. Re3 Qf4 30. Re2 Qf1+ 31. Kh2 d4 32. dxc4 0-1

[Event "Horse and Buggy 2"]
[Site "Elmira CAN"]
[Date "2022.09.10"]
[Round "2.7"]
[White "Hanratty, Brian"]
[Black "Jung, Hans"]
[Result "0-1"]
[WhiteElo "1917"]
[BlackElo "2177"]
[PlyCount "76"]
[EventDate "2022.09.10"]
[EventType "swiss"]
[EventRounds "5"]
[EventCountry "CAN"]

1. f4 Nf6 2. Nf3 g6 3. b4 Bg7 4. Bb2 d5 5. e3 c6 6. Be2 Qb6 7. a3 a5 8. Bd4 Qc7
9. O-O axb4 10. axb4 Rxa1 11. Bxa1 Qb6 12. b5 cxb5 13. Nc3 b4 14. Nxd5 Qd6 15.
Nxf6+ Bxf6 16. Ne5 O-O 17. d3 Be6 18. Qd2 Nc6 19. d4 Nxe5 20. fxe5 Bxe5 21. h3
Bg7 22. Bf3 Qb6 23. d5 Rd8 24. Qf2 Bxa1 25. dxe6 Bf6 26. exf7+ Kxf7 27. Rb1 Kg7
28. Be4 Rd6 29. Bd3 Bg5 30. Re1 b3 31. Bc4 Rf6 32. Qg3 b2 33. Bb3 Bxe3+ 34. Kh1
Bf2 35. Qe5 Bxe1 36. Qxe7+ Kh6 37. Bg8 Rf1+ 38. Kh2 Qg1# 0-1

[Event "Horse and Buggy 2"]
[Site "Elmira CAN"]
[Date "2022.09.10"]
[Round "2.8"]
[White "Hua, Michelle"]
[Black "Demchenko, Kyrylo"]
[Result "1/2-1/2"]
[WhiteElo "2034"]
[BlackElo "2083"]
[PlyCount "85"]
[EventDate "2022.09.10"]
[EventType "swiss"]
[EventRounds "5"]
[EventCountry "CAN"]

1. d4 d5 2. Bf4 Nf6 3. e3 e6 4. Nf3 Bd6 5. Bg3 O-O 6. Nbd2 c5 7. c3 cxd4 8.
exd4 Nc6 9. Bd3 Re8 10. Ne5 Bxe5 11. dxe5 Nd7 12. Nf3 Nf8 13. O-O Qb6 14. Qe2
Bd7 15. h4 d4 16. Nxd4 Nxd4 17. cxd4 Qxd4 18. Rfd1 Qb6 19. h5 Bc6 20. Rab1 Bd5
21. b3 Rac8 22. Qg4 Kh8 23. h6 gxh6 24. Qf4 Ng6 25. Qxh6 Qb4 26. Rbc1 Qg4 27.
Bxg6 Qxg6 28. Qxg6 fxg6 29. Bh4 h6 30. Bf6+ Kh7 31. f3 g5 32. Kf2 Kg6 33. g4
Rc6 34. Rxc6 bxc6 35. Rc1 Rb8 36. Be7 a5 37. Kg3 a4 38. bxa4 Ra8 39. a3 Rxa4
40. Bb4 Ra7 41. Rf1 Rc7 42. Bc5 Rb7 43. Bb4 1/2-1/2

[Event "Horse and Buggy 2"]
[Site "Elmira CAN"]
[Date "2022.09.10"]
[Round "2.9"]
[White "Lu, Tony"]
[Black "Colvin, Andrew"]
[Result "1-0"]
[WhiteElo "1812"]
[BlackElo "1942"]
[PlyCount "111"]
[EventDate "2022.09.10"]
[EventType "swiss"]
[EventRounds "5"]
[EventCountry "CAN"]

1. e4 c5 2. Nc3 Nc6 3. f4 g6 4. Nf3 Bg7 5. Bb5 Nd4 6. Bc4 a6 7. a4 e6 8. O-O
Ne7 9. d3 d5 10. Ba2 O-O 11. Bd2 b5 12. f5 b4 13. Ne2 Nxe2+ 14. Qxe2 exf5 15.
Bg5 f6 16. Be3 c4 17. exd5 Nxd5 18. Bxc4 Kh8 19. Bc5 Re8 20. Qf2 Bb7 21. Bxd5
Qxd5 22. Bxb4 Rac8 23. Bc3 Qd7 24. a5 f4 25. Rfe1 f5 26. Bxg7+ Qxg7 27. c3 Rcd8
28. Nd4 Qd7 29. Qxf4 Rxe1+ 30. Rxe1 Re8 31. Rxe8+ Qxe8 32. h3 Qe7 33. Kh2 Kg7
34. Qg3 Kf7 35. Qb8 Kg7 36. b4 Bd5 37. Qf4 Bf7 38. Nf3 Qd8 39. Qd4+ Qxd4 40.
Nxd4 Kf6 41. Kg3 g5 42. c4 f4+ 43. Kf2 Be8 44. Nb3 Ke5 45. Kf3 Bh5+ 46. g4
fxg3+ 47. Kxg3 Be2 48. b5 Bxd3 49. b6 Be4 50. Nc5 Bh1 51. b7 Bxb7 52. Nxb7 h5
53. Nc5 Kd4 54. Nxa6 Kxc4 55. Nc7 Kc5 56. Ne6+ 1-0

[Event "Horse and Buggy 2"]
[Site "Elmira CAN"]
[Date "2022.09.10"]
[Round "2.10"]
[White "Wang, Bingfei"]
[Black "Deshpande, Sarthak"]
[Result "0-1"]
[WhiteElo "1963"]
[BlackElo "1908"]
[PlyCount "65"]
[EventDate "2022.09.10"]
[EventType "swiss"]
[EventRounds "5"]
[EventCountry "CAN"]

1. d4 d5 2. c4 c6 3. Nf3 Nf6 4. Nc3 e6 5. e3 Nbd7 6. Bd3 dxc4 7. Bxc4 b5 8. Bd3
a6 9. O-O Bd6 10. a3 c5 11. Ne4 Be7 12. dxc5 Nxc5 13. Nxc5 Bxc5 14. Qe2 O-O 15.
b4 Bd6 16. Bb2 Qe7 17. Rfd1 e5 18. e4 Nh5 19. Qd2 Rd8 20. Rac1 Nf4 21. Bb1 Bg4
22. Qe3 Qf6 23. Rc6 Bc5 24. Rxd8+ Qxd8 25. Rxc5 Bxf3 26. Bc2 Bd1 27. Qb3 Qd2
28. Qe3 Qd7 29. Qe1 Qg4 30. Qf1 Be2 31. f3 Qg6 32. Qxe2 Nxe2+ 33. Kf2 0-1

[Event "Horse and Buggy 2"]
[Site "Elmira CAN"]
[Date "2022.09.10"]
[Round "3.1"]
[White "Qiao, Cindy"]
[Black "Li, Hongyi"]
[Result "1-0"]
[WhiteElo "1906"]
[BlackElo "1915"]
[PlyCount "69"]
[EventDate "2022.09.10"]
[EventType "swiss"]
[EventRounds "5"]
[EventCountry "CAN"]

1. d4 d5 2. Bf4 c5 3. c3 Nc6 4. e3 Qb6 5. Qc1 Bf5 6. Nf3 h6 7. Be2 Nf6 8. h3 e6
9. Nbd2 Rc8 10. O-O Be7 11. dxc5 Bxc5 12. Nb3 Be7 13. Nbd4 Bh7 14. Nxc6 bxc6
15. Rd1 Ne4 16. Ne1 Rd8 17. Bd3 f6 18. Nf3 e5 19. Bh2 Nxc3 20. Qxc3 Bxd3 21.
Qxd3 e4 22. Qc2 exf3 23. gxf3 O-O 24. Kh1 Rd7 25. Rg1 f5 26. Rg6 Bf6 27. Rag1
Qxb2 28. Qxf5 Re7 29. Bd6 Bg5 30. Qg4 Rff7 31. Bxe7 Rxe7 32. Rxc6 Qe5 33. f4
Qe4+ 34. f3 Qxe3 35. fxg5 1-0

[Event "Horse and Buggy 2"]
[Site "Elmira CAN"]
[Date "2022.09.10"]
[Round "3.2"]
[White "Ferreira, Alex"]
[Black "Hua, Eugene"]
[Result "1-0"]
[WhiteElo "2025"]
[BlackElo "2383"]
[PlyCount "103"]
[EventDate "2022.09.10"]
[EventType "swiss"]
[EventRounds "5"]
[EventCountry "CAN"]

1. e4 d5 2. exd5 Qxd5 3. Nc3 Qd6 4. g3 Nf6 5. Bg2 c6 6. d3 Bg4 7. Nf3 e6 8. O-O
Nbd7 9. Bf4 Qb4 10. Qd2 Bd6 11. a3 Bxf4 12. axb4 Bxd2 13. Nxd2 Nd5 14. b5 Ke7
15. bxc6 bxc6 16. Ra4 Bf5 17. Rfa1 Rhb8 18. Nc4 a6 19. g4 Bg6 20. h4 h5 21.
gxh5 Bxh5 22. Rxa6 Rxa6 23. Rxa6 Nxc3 24. bxc3 Rb1+ 25. Kh2 c5 26. Ra7 f6 27.
Bc6 Be8 28. Nd2 Rb8 29. Ne4 Rc8 30. Bb5 f5 31. Nd2 Kd8 32. Nc4 Rc7 33. Ra1 Nf6
34. Bxe8 Kxe8 35. Ne5 Ke7 36. c4 Rb7 37. Ra2 Nh5 38. Nc6+ Kf6 39. Kg2 Rb6 40.
Na5 Nf4+ 41. Kf3 Ng6 42. Kg3 Rb1 43. Nb3 f4+ 44. Kf3 Kf5 45. h5 Nh4+ 46. Ke2
f3+ 47. Kd2 Rf1 48. Nxc5 Rxf2+ 49. Kc3 Rg2 50. Ne4 f2 51. Ra1 Rg1 52. Ra5+ 1-0